SAP v pozícii efektívneho nástroja podnikového controllingu diplomová práca

Enregistré dans:
Détails bibliographiques
Auteur principal: Klimek, Adam
Collectivité auteur: Fakulta podnikového manažmentu EU. Katedra podnikovohospodárska
Autres auteurs: Dubcová, Gabriela, 1968-
Format: Livre
Langue:slovaque
Publié: Bratislava 2015
Tags: Ajouter un tag
Pas de tags, Soyez le premier à ajouter un tag!

MARC

LEADER 00000nbm a2200000 4500
001 0203000
005 20161212102957.0
041 0 |a slo 
044 |a SK 
245 1 0 |a SAP v pozícii efektívneho nástroja podnikového controllingu  |b diplomová práca  |c Adam Klimek ; školiteľ: Gabriela Dubcová 
264 1 |a Bratislava  |c 2015 
300 |a 95 s. 
100 1 |a Klimek, Adam 
700 1 |a Dubcová, Gabriela, 1968- 
710 2 |a Fakulta podnikového manažmentu EU. Katedra podnikovohospodárska